<?xml version="1.0" encoding="UTF-8"?>
<record
    xmlns:xsi="http://www.w3.org/2001/XMLSchema-instance"
    xsi:schemaLocation="http://www.loc.gov/MARC21/slim http://www.loc.gov/standards/marcxml/schema/MARC21slim.xsd"
    xmlns="http://www.loc.gov/MARC21/slim">

  <leader>01747nam a22002777a 4500</leader>
  <datafield tag="999" ind1=" " ind2=" ">
    <subfield code="c">22001</subfield>
    <subfield code="d">22001</subfield>
  </datafield>
  <controlfield tag="003">AR-CdUCM</controlfield>
  <controlfield tag="008">190425b           ||||| |||| 00| 0 spa d</controlfield>
  <datafield tag="040" ind1=" " ind2=" ">
    <subfield code="a">MUNICIPALIDAD PROVINCIAL DEL CUSCO</subfield>
    <subfield code="c">BIBLIOTECA MUNICIPAL DEL CUSCO</subfield>
  </datafield>
  <datafield tag="082" ind1=" " ind2=" ">
    <subfield code="a">Hist.Ecle/N&#xB0;2/1992</subfield>
  </datafield>
  <datafield tag="110" ind1=" " ind2=" ">
    <subfield code="a">Instituto Peruano de Historia Eclesi&#xE1;stica</subfield>
    <subfield code="9">47113</subfield>
  </datafield>
  <datafield tag="245" ind1=" " ind2=" ">
    <subfield code="a">Revista peruana de Historia Eclesi&#xE1;stica /</subfield>
    <subfield code="c">Instituto Peruano de Historia Eclesi&#xE1;stica</subfield>
  </datafield>
  <datafield tag="260" ind1=" " ind2=" ">
    <subfield code="a">Lima.</subfield>
    <subfield code="b">Servicio copias Gr&#xE1;ficas,</subfield>
    <subfield code="c">1992.</subfield>
  </datafield>
  <datafield tag="300" ind1=" " ind2=" ">
    <subfield code="a">299 p&#xE1;ginas. :</subfield>
    <subfield code="c">22 cm.</subfield>
  </datafield>
  <datafield tag="440" ind1=" " ind2=" ">
    <subfield code="a">Revista peruana de Historia Eclesi&#xE1;stica.</subfield>
    <subfield code="n">N&#xB0;2,1992.</subfield>
    <subfield code="9">47118</subfield>
  </datafield>
  <datafield tag="505" ind1=" " ind2=" ">
    <subfield code="a">Contenido: Los dominios en al evangelizaci&#xF3;n del Per&#xFA; Siglo XVI. Guillermo &#xC1;lvarez. -- Los franciscanos en la evangelizaci&#xF3;n del Per&#xFA; Siglo XVI. Federico Richter. -- Los mercedarios en la evangelizaci&#xF3;n del Per&#xFA; Siglos XVI-XVIII. Severo Aparicio. -- La orden de San Agust&#xED;n en la evangelizaci&#xF3;n del Per&#xFA;,1551-1600. Benigno Ayarra. -- Las misiones de los jesuitas del Per&#xFA;. Armando Nieto. -- El clero diocesano en el siglo XVI. Jos&#xE9; Dammert. -- Nuevos datos sobre Fray Antonio de la Calancha y la impresi&#xF3;n de la Cr&#xF3;nica Moralizadora. Guillermo Luhmann. -- El libro y la imprenta al servicio de la evangelizaci&#xF3;n. Juli&#xE1;n Heras. -- Encomenderos y doctrineros notas sobre encomienda y evangelizaci&#xF3;n en el siglo XVI. Jos&#xE9; de la Puente.</subfield>
  </datafield>
  <datafield tag="650" ind1=" " ind2=" ">
    <subfield code="a">Historia eclesi&#xE1;stica</subfield>
    <subfield code="9">42856</subfield>
  </datafield>
  <datafield tag="650" ind1=" " ind2=" ">
    <subfield code="a">Educaci&#xF3;n colonial</subfield>
    <subfield code="9">25888</subfield>
  </datafield>
  <datafield tag="650" ind1=" " ind2=" ">
    <subfield code="a">Historia del Cusco</subfield>
    <subfield code="9">1714</subfield>
  </datafield>
  <datafield tag="650" ind1=" " ind2=" ">
    <subfield code="a">Religi&#xF3;n cat&#xF3;lica</subfield>
    <subfield code="9">47116</subfield>
  </datafield>
  <datafield tag="650" ind1=" " ind2=" ">
    <subfield code="a">Evangelizaci&#xF3;n</subfield>
    <subfield code="9">47119</subfield>
  </datafield>
  <datafield tag="700" ind1=" " ind2=" ">
    <subfield code="a">Lohman Villena, Guillermo</subfield>
    <subfield code="9">47117</subfield>
  </datafield>
  <datafield tag="700" ind1=" " ind2=" ">
    <subfield code="a">Richter,  Federico</subfield>
    <subfield code="9">47120</subfield>
  </datafield>
  <datafield tag="700" ind1=" " ind2=" ">
    <subfield code="a">Dammert, Jos&#xE9;</subfield>
    <subfield code="9">47121</subfield>
  </datafield>
  <datafield tag="942" ind1=" " ind2=" ">
    <subfield code="2">ddc</subfield>
    <subfield code="c">PP</subfield>
  </datafield>
  <datafield tag="945" ind1=" " ind2=" ">
    <subfield code="a">rac</subfield>
  </datafield>
  <datafield tag="952" ind1=" " ind2=" ">
    <subfield code="0">0</subfield>
    <subfield code="2">ddc</subfield>
    <subfield code="4">0</subfield>
    <subfield code="7">0</subfield>
    <subfield code="a">HEM</subfield>
    <subfield code="b">HEM</subfield>
    <subfield code="c">CART</subfield>
    <subfield code="d">2022-02-03</subfield>
    <subfield code="g">5.00</subfield>
    <subfield code="o">Hist.Ecle/N&#xB0;2/1992</subfield>
    <subfield code="p">REVC000525</subfield>
    <subfield code="r">2022-02-03</subfield>
    <subfield code="y">PP</subfield>
  </datafield>
</record>
